|
|
|
|
| LEADER |
00583cam a2200169 7i4500 |
| 001 |
0000030182 |
| 005 |
20130918090000.0 |
| 020 |
0 |
0 |
|a 9789264195172
|
| 090 |
0 |
0 |
|a I 333.7
|b OEC
|
| 245 |
0 |
0 |
|a OECD green growth studies :
|b green growth in cities.
|
| 260 |
0 |
0 |
|a Paris:
|b OECD,
|c 2013.
|
| 300 |
# |
# |
|a 132 p.
|
| 440 |
0 |
0 |
|a OECD green growth studies
|
| 650 |
0 |
0 |
|a Economic development --
|x Environmental aspects
|
| 650 |
0 |
0 |
|a Sustainable development --
|x Environmental aspects
|
| 650 |
0 |
0 |
|a Environmental policy --
|x Economic aspects
|
| 999 |
|
|
|a 0000033151
|b Book
|c International
|e Business Information Centre
|